Länder nach Duschgels #16 - Statistiken

Allgemein
  • Dieses Quiz wurde 18 mal gespielt
  • Das Durchschnittsergebnis liegt bei 6 aus 10
Antwortstatistiken
Bildquiz Antwort % Korrekt
Vereinigtes Königreich
100%
Nepal
82%
Uganda
76%
Malta
71%
Panama
65%
Botswana
59%
Guyana
59%
Osttimor
53%
Samoa
47%
Benin
24%
Keine übereinstimmenden Quizze gefunden
Verteilung der Resultate
Anzahl Personen mit jedem Resultat
Perzentil nach korrekt beantworteten Fragen
Ihre Resultats-Entwicklung
Sie haben dieses Quiz noch nicht gespielt